Normal view
MARC view
- Dr. Murtaza Najabat Ali
Entry Personal Name
001 - CONTROL NUMBER
- control field: 16209
003 - CONTROL NUMBER IDENTIFIER
- control field: NUST
005 - DATE AND TIME OF LATEST TRANSACTION
- control field: 20190701111642.0
008 - FIXED-LENGTH DATA ELEMENTS
- fixed length control field: 190701|| aca||aabn | a|a d
040 ## - CATALOGING SOURCE
- Original cataloging agency: NUST
- Transcribing agency: NUST
100 ## - HEADING--PERSONAL NAME
- Personal name: Dr. Murtaza Najabat Ali
670 ## - SOURCE DATA FOUND
- Source citation: Work cat.: (NUST): Barakullah, Afifa 16208, Optimization of pH Sensor Characteristics: / , 2017.
